Catalog

Record Details

Catalog Search



Available copies

  • 0 of 2 copies available at LARL/NWRL Consortium.
  • 0 of 2 copies available at Lake Agassiz Regional Library. (Show preferred library)

Current holds

0 current holds with 2 total copies.

Show Only Available Copies
Location Call Number / Copy Notes Barcode Shelving Location Status Due Date
Detroit Lakes Public Library Y MCC (Text) 33500014349047 New Checked out 07/01/2026
Moorhead Public Library Y MCC (Text) 33500014349054 New Checked out 07/20/2026

Record details

  • ISBN: 9780593618240
  • ISBN: 0593618246
  • Physical Description: 220 pages : illustrations ; 20 cm
  • Publisher: New York, NY : Dutton Books, [2026]

Content descriptions

Summary, etc.:
"On a depopulated archipelago off the coast of ... Read More
Target Audience Note:
Ages 14 and up Dutton Books.
Grades 10-12 Dutton Books.
Subject: Human beings > Juvenile fiction.
Sexual minorities > Juvenile fiction.
Survival > Juvenile fiction.
Islands > Juvenile fiction.
Young adult fiction.
Human beings > Fiction.
LGBTQ+ people > Fiction.
Survival > Fiction.
Islands > Fiction.
YOUNG ADULT FICTION / Social Themes / Death, Grief, Bereavement.
YOUNG ADULT FICTION / Action & Adventure / Survival Stories.
YOUNG ADULT FICTION / LGBTQ+.
Genre: Apocalyptic fiction.
Novels.
LDR 03391cam a22006978i 4500
001478712
003LARL_NWRL_CONSORTIUM
00520260318152559.0
008250925s2026 nyua d 000 1 eng
007ta
010 . ‡a 2025034143
040 . ‡aDLC ‡beng ‡erda ‡cDLC ‡dOCLCO ‡dIG# ‡dLMJ ‡dOQX ‡dUIU ‡dCHILD ‡dJCX ‡dSDD ‡dJAS ‡dOI6 ‡dOCLCO
020 . ‡a9780593618240 ‡q(hardcover)
020 . ‡a0593618246 ‡q(hardcover)
020 . ‡z9780593618257 ‡qebook
035 . ‡a(OCoLC)1523048523
042 . ‡apcc
08200. ‡a[Fic]
1001 . ‡aMcCarthy, Cory, ‡eauthor. ‡4aut ‡4http://id.loc.gov/vocabulary/relators/aut ‡1https://id.oclc.org/worldcat/entity/E39PCjDRpdb688tjpb7qTHpr7b ‡1http://id.loc.gov/rwo/agents/no2021129672
24510. ‡aPostscript / ‡cCory McCarthy, XOX.
264 1. ‡aNew York, NY : ‡bDutton Books, ‡c[2026]
264 4. ‡c©2026
300 . ‡a220 pages : ‡billustrations ; ‡c20 cm
334 . ‡asingle unit ‡bmono ‡0http://id.loc.gov/vocabulary/issuance/mono
336 . ‡atext ‡btxt ‡2rdacontent ‡0http://id.loc.gov/vocabulary/contentTypes/txt
337 . ‡aunmediated ‡bn ‡2rdamedia ‡0http://id.loc.gov/vocabulary/mediaTypes/n
338 . ‡avolume ‡bnc ‡2rdacarrier ‡0http://id.loc.gov/vocabulary/carriers/nc
385 . ‡mAge group ‡nage ‡aTeenagers ‡2lcdgt ‡0http://id.loc.gov/authorities/demographicTerms/dg2015060011
520 . ‡a"On a depopulated archipelago off the coast of Massachusetts, a tiny handful of sapiens sift the remnants of civilization for scraps of comfort and joy in this fleeting postscript about the last of us"-- Provided by publisher.
521 . ‡aAges 14 and up ‡bDutton Books.
521 . ‡aGrades 10-12 ‡bDutton Books.
650 0. ‡aHuman beings ‡vJuvenile fiction.
650 0. ‡aSexual minorities ‡vJuvenile fiction.
650 0. ‡aSurvival ‡vJuvenile fiction.
650 0. ‡aIslands ‡vJuvenile fiction. ‡0(LARL_NWRL_CONSORTIUM)170006
650 0. ‡aYoung adult fiction. ‡0(LARL_NWRL_CONSORTIUM)35107
650 1. ‡aHuman beings ‡vFiction.
650 1. ‡aLGBTQ+ people ‡vFiction.
650 1. ‡aSurvival ‡vFiction.
650 1. ‡aIslands ‡vFiction. ‡0(LARL_NWRL_CONSORTIUM)165223
650 7. ‡aYOUNG ADULT FICTION / Social Themes / Death, Grief, Bereavement. ‡2bisacsh
650 7. ‡aYOUNG ADULT FICTION / Action & Adventure / Survival Stories. ‡2bisacsh
650 7. ‡aYOUNG ADULT FICTION / LGBTQ+. ‡2bisacsh
655 7. ‡aApocalyptic fiction. ‡2lcgft
655 7. ‡aNovels. ‡2lcgft
758 . ‡1http://id.loc.gov/resources/instances/in00024332639
758 . ‡4http://id.loc.gov/ontologies/bibframe/instanceOf ‡1http://id.loc.gov/resources/works/in00024332639
77608. ‡iOnline version ‡4http://id.loc.gov/entities/relationships/onlineversion ‡aMcCarthy, Cory ‡tPostscript ‡dNew York : Dutton Books, 2026 ‡z9780593618257 ‡w(DLC) 2025034144
884 . ‡aDLC bibframe2marc v3.0.0 ‡g20251203 ‡qDLC ‡uhttps://github.com/lcnetdev/bibframe2marc/releases/tag/v3.0.0
901 . ‡a478712 ‡bOCoLC ‡c478712 ‡tbiblio ‡soclc

Additional Resources